[Event "Dimitrovgrad-ch"]
[Site "Dimitrovgrad"]
[Date "2012.02.22"]
[Round "4"]
[White "Abramov, Pavel"]
[Black "Beldyugin, Alexey"]
[Result "1-0"]
[WhiteElo "2095"]
[BlackElo "2050"]
[PlyCount "61"]
[EventDate "2012.02.19"]
[EventType "swiss"]
[EventRounds "9"]
[EventCountry "RUS"]
[SourceTitle "CBM 147 Extra"]
[Source "ChessBase"]
[SourceDate "2012.04.24"]
[SourceVersion "1"]
[SourceVersionDate "2012.04.24"]
[SourceQuality "1"]

1. Nf3 Nc6 2. d4 d5 3. Bf4 Bg4 4. e3 e5 5. dxe5 Bc5 6. Be2 Nge7 7. Nbd2 Ng6 8. h3 Nxf4 9. exf4 Bxf3 10. Nxf3 0-0 11. Bb5 Ne7 12. 0-0 f6 13. g3 Nf5 14. Kg2 fxe5 15. Nxe5 Bxf2 16. Kxf2 c6 17. Bd3 Qb6+ 18. Ke1 Nxg3 19. Qf3 Nxf1 20. Kxf1 Qd4 21. Kg2 Rxf4 22. Qe2 Raf8 23. Ng4 Kh8 24. Re1 Qxb2 25. Qe7 Qd4 26. Qh4 h6 27. Re7 Rf2+ 28. Qxf2 Rxf2+ 29. Nxf2 g5 30. Ng4 h5 31. Nh6 1-0

[Event "Dimitrovgrad-ch"]
[Site "Dimitrovgrad"]
[Date "2012.02.20"]
[Round "2"]
[White "Abramov, Pavel"]
[Black "Skulkin, Nikolay"]
[Result "1-0"]
[WhiteElo "2095"]
[BlackElo "1814"]
[PlyCount "49"]
[EventDate "2012.02.19"]
[EventType "swiss"]
[EventRounds "9"]
[EventCountry "RUS"]
[SourceTitle "CBM 147 Extra"]
[Source "ChessBase"]
[SourceDate "2012.04.24"]
[SourceVersion "1"]
[SourceVersionDate "2012.04.24"]
[SourceQuality "1"]

1. c4 c6 2. Nf3 d5 3. e3 Nf6 4. Qc2 dxc4 5. Bxc4 Qa5 6. Nc3 Bg4 7. Qb3 b5 8. Bxf7+ Kd8 9. Ne5 Qc7 10. d4 a5 11. Bd2 a4 12. Qc2 e6 13. Rc1 Bd6 14. Nxg4 Qxf7 15. Nxf6 gxf6 16. Nxb5 Qd7 17. Nxd6 Qxd6 18. 0-0 h5 19. Qg6 Nd7 20. Rc4 e5 21. Rfc1 c5 22. Qg7 Rf8 23. dxc5 Qc6 24. e4 Kc7 25. Qe7 1-0

[Event "Dimitrovgrad-ch"]
[Site "Dimitrovgrad"]
[Date "2012.02.19"]
[Round "1"]
[White "Ishpulaeva, Veronika"]
[Black "Abramov, Pavel"]
[Result "0-1"]
[WhiteElo "1632"]
[BlackElo "2095"]
[PlyCount "66"]
[EventDate "2012.02.19"]
[EventType "swiss"]
[EventRounds "9"]
[EventCountry "RUS"]
[SourceTitle "CBM 147 Extra"]
[Source "ChessBase"]
[SourceDate "2012.04.24"]
[SourceVersion "1"]
[SourceVersionDate "2012.04.24"]
[SourceQuality "1"]

1. e4 e5 2. Bc4 Nc6 3. Nf3 Bc5 4. b4 Bxb4 5. c3 Be7 6. d4 d6 7. Qb3 Na5 8. Bxf7+ Kf8 9. Qa4 Kxf7 10. Qxa5 b6 11. Qb5 a6 12. Qd3 exd4 13. cxd4 a5 14. 0-0 h6 15. Re1 Nf6 16. e5 Nd5 17. Qe4 c6 18. e6+ Kg8 19. Qg6 Qf8 20. Re4 Ba6 21. Rg4 Qf6 22. Nh4 Rf8 23. Qxf6 Rxf6 24. Rg6 Kh7 25. Rxf6 Bxf6 26. Nf3 Re8 27. Bd2 Rxe6 28. Nc3 Nxc3 29. Bxc3 Re2 30. Rb1 Rc2 31. Be1 Be2 32. Rxb6 Bxf3 33. gxf3 Bxd4 0-1

[Event "Dimitrovgrad Petrosian Memorial op"]
[Site "Dimitrovgrad"]
[Date "2009.06.23"]
[Round "6"]
[White "Abramov, Pavel"]
[Black "Ulanov, Alexandr"]
[Result "0-1"]
[WhiteElo "2067"]
[BlackElo "2317"]
[PlyCount "64"]
[EventDate "2009.06.17"]
[EventType "swiss"]
[EventRounds "9"]
[EventCountry "RUS"]
[SourceTitle "CBM 131 Extra"]
[Source "ChessBase"]
[SourceDate "2009.09.03"]
[SourceVersion "2"]
[SourceVersionDate "2009.09.16"]
[SourceQuality "1"]

1. Nf3 Nf6 2. d4 e6 3. c4 b6 4. g3 Bb7 5. Bg2 c5 6. d5 exd5 7. Nh4 b5 8. cxd5 d6 9. 0-0 g6 10. a4 b4 11. e4 Bg7 12. Nd2 0-0 13. Nc4 Ba6 14. Qc2 Bxc4 15. Qxc4 Re8 16. Rb1 Nbd7 17. b3 a5 18. Bb2 Nb6 19. Qd3 c4 20. bxc4 Nxa4 21. Bd4 Nd7 22. f4 Bxd4+ 23. Qxd4 Qb6 24. Nf3 Rxe4 25. Qxb6 Naxb6 26. Ne5 Rd4 27. c5 Nxc5 28. Nc6 Rd2 29. f5 Nc4 30. Rbe1 Nd3 31. Re7 Nde5 32. fxg6 hxg6 0-1

[Event "Dimitrovgrad-ch"]
[Site "Dimitrovgrad"]
[Date "2009.??.??"]
[Round "4"]
[White "Abramov, Pavel"]
[Black "Lebedev, Victor2222"]
[Result "1-0"]
[WhiteElo "2065"]
[BlackElo "2035"]
[PlyCount "61"]
[EventDate "2009.08.??"]
[EventType "swiss"]
[EventRounds "9"]
[EventCountry "RUS"]
[SourceTitle "EXT 2012"]
[Source "ChessBase"]
[SourceDate "2011.11.24"]
[SourceVersion "1"]
[SourceVersionDate "2011.11.24"]
[SourceQuality "1"]

1. Nf3 d5 2. d4 Bf5 3. c4 Nf6 4. Nc3 e6 5. Bg5 Be7 6. Qb3 b6 7. Bxf6 Bxf6 8. cxd5 0-0 9. e3 Nd7 10. dxe6 Bxe6 11. Bc4 Bxc4 12. Qxc4 c5 13. 0-0 cxd4 14. Nxd4 Rc8 15. Qe2 Bxd4 16. exd4 Nf6 17. Rad1 Re8 18. Qf3 Re7 19. d5 Rd7 20. Rd4 a6 21. Rfd1 Ne8 22. Qd3 Nd6 23. Qxa6 Nf5 24. R4d2 Rc5 25. Qd3 g6 26. b4 Rc8 27. a4 Rdc7 28. Nb5 Rc4 29. Na7 Rc3 30. Qe2 Nd6 31. Nxc8 1-0

[Event "Dimitrovgrad-ch"]
[Site "Dimitrovgrad"]
[Date "2009.??.??"]
[Round "5"]
[White "Abramov, Pavel"]
[Black "Yakimkin, Igor"]
[Result "0-1"]
[WhiteElo "2065"]
[BlackElo "2185"]
[PlyCount "60"]
[EventDate "2009.08.??"]
[EventType "swiss"]
[EventRounds "9"]
[EventCountry "RUS"]
[SourceTitle "EXT 2012"]
[Source "ChessBase"]
[SourceDate "2011.11.24"]
[SourceVersion "1"]
[SourceVersionDate "2011.11.24"]
[SourceQuality "1"]

1. Nf3 Nf6 2. d4 g6 3. c4 Bg7 4. Nc3 0-0 5. e4 d6 6. Be2 e5 7. 0-0 Nc6 8. d5 Ne7 9. b4 Nh5 10. g3 f5 11. Ng5 Nf6 12. f3 c6 13. Be3 h6 14. Ne6 Bxe6 15. dxe6 Qc7 16. b5 Rfd8 17. bxc6 bxc6 18. Qa4 Qc8 19. Rab1 Qxe6 20. Rb7 a5 21. Rfb1 Kh8 22. Bb6 Rf8 23. Bxa5 fxe4 24. fxe4 Nd7 25. Qb4 Nc5 26. Rb6 Qf6 27. Rf1 Qg5 28. Bf3 Qe3+ 29. Kg2 Qd2+ 30. Ne2 Qxa2 0-1